[Event "Candidates sf"]
[Site "Elista"]
[Date "2007.06.03"]
[Round "1.7"]
[White "Aronian, Levon"]
[Black "Carlsen, Magnus"]
[Result "1-0"]
[WhiteElo "2759"]
[BlackElo "2693"]
[Annotator "Marin,Mihail"]
[PlyCount "131"]
[EventDate "2007.05.27"]
[EventType "k.o."]
[EventRounds "12"]
[EventCountry "RUS"]
[SourceTitle "CBM 119"]
[Source "ChessBase"]
[SourceDate "2007.08.01"]
[SourceVersion "1"]
[SourceVersionDate "2007.08.01"]
[SourceQuality "1"]

1. d4 Nf6 2. Nf3 e6 3. c4 c5 4. d5 exd5 5. cxd5 d6 6. Nc3 g6 7. g3 Bg7 8. Bg2 O-O 9. O-O a6 10. a4 Re8 11. Bf4 Ne4 {I had this early knight move in my opening notebook (paper notebook, I mean) about 20 years ago. I remember that I was attracted by the activity displayed by the black rook along the 4th rank, but did not bother about remaining underdeveloped. Nowadays I would think twice before playing this line.} 12. Nxe4 Rxe4 13. Nd2 Rb4 14. b3 $5 {A rare move. According to my old notebook, it was first suggested by Bozidar Ivanovic.} ({The main line continues} 14. Ne4 {Apparently threatening to win a crucial pawn.} h6 $1 {Black's whole play is based on this modest looking move.} 15. Ra2 $1 {Suddenly, it becomes clear that capturing the d6 pawn would lose material to echo variations:} (15. Nxd6 Rxf4 16. Nxc8 Rd4 {or}) (15. Bxd6 Rxe4 16. Bxb8 Rd4) ({These lines are a good illustration of the fourth rank activity of the black rook. My initial preparation relied on an older game by Tal:} 15. Bd2 Rxb2 16. Qc1 Rxd2 17. Qxd2 f5 18. Nc3 {and now I wanted to improve over Savon-Tal USSR 1970, where Black saved himself by a miracle, with the developing move} Nd7 {Black has a dangerous queenside majority and a strong bishop to compensate for the exchange; besides, White's rook don't have too many active possibilities yet. 15.a2 was the novelty prepared for use against me by Adorjan.}) 15... f5 16. Nc3 Qf6 {I only once repeated the line in recent times. The game went:} 17. Qc1 {Before retreating the bishop to d2 in order to bother the rook, White defends the b2 pawn without loss of tempo, causing at the same time a further weakening of the black kingside.} (17. e4 Nd7 18. exf5 gxf5 19. Bd2 Qf7 20. b3 Nf6 {I put maximum pressure on the central pawn, in order to prepare the spectacular escape of the rook.} 21. Ne2 Re4 $1 22. Bc3 ({After} 22. Bxe4 fxe4 {Black would get a strong centre after eliminating the d5-pawn, as well as excellent attacking chances on the weakened light squares around the white king.}) 22... Re7 23. Nf4 {White has regrouped his minor pieces in an optimal way, but he will still have to lose some time in order to nullify the pressure along the e-file, thus allowing Black to maintain the balance.} Bd7 24. Re1 Rae8 25. Rxe7 {and White offered a draw in the game Adorjan-Marin, Szirak Izt 1987/CBM 003. A logical continuation would have been} Rxe7 26. Re2 Rxe2 27. Qxe2 Nh5 {A key move, exchanging White's active knight.} 28. Bd2 Nxf4 29. Bxf4 Qf6 30. a5 {with even chances. When annotating the game for the New in Chess Yearbook 8, I became less convinced that Adorjan's 17.e4 was the best move. 17.c1, as played by Akesson, seemed much more dangerous, but in my notes I gave an apparently promising continuation for Black...}) 17... g5 18. Bd2 {The only thing I remembered during the game was that this was the critical continuation and that I had written something about it. White intends to retreat the knight to d1 and win the exchange in a reasonable form.} Bd7 $5 {One of the most paradoxical move I've ever played. As if it wasn't enough that Black is undeveloped, he seemed to volunturily block the access of the knight and rook to life. How can a player ever consider such a move? I had, of course, started with the natural continuations.} ({I saw rather quickly that} 18... b5 $2 {loses to} 19. Nxb5 $1 {because of the pin along the c-file. (I was rather confused when I found out that in 1987 I had missed this tactical blow and recommended 18...b5 as the best move with the continuation}) (18... Nd7 {looks like the most natural continuation, but after} 19. Nd1 {the main problem is that White will capture on b4 only after the black knight will move away from d7, thus failing to occupy the c5-square, made available by ...cxb4. At the same time, maintaining the knight on d7 would leave the rest of the queen side undeveloped. We shall soon see that the move actually played in the game is a much better way of coordinating the pieces.}) 19. Qc2 {One obvious aim of Black's last move was to delay d1 for a moment because of the hanging a4-pawn. However, the idea is much deeper than that, as will become clear after the next move.} a5 $1 {After having taken the b5 square under control, Black can safely play this move, preparing to develop the knight to a6.} 20. Nd1 ({My opponent avoids a small trap:} 20. Nb5 $6 Bxb5 21. Bxb4 $2 axb4 $1 {when Black wins material.}) 20... Na6 21. Bc3 Qf7 22. Ra1 {White has made all the preparatory moves and seems to be ready to capture the rook. On the other hand, Black has completed his development and is ready to recapture on b4 with the c-pawn, clearing the c5 square for the knight, an improved version of the idea behind the natural 18...d7 (instead of 18...d7). I considered my position to be slightly better already.} f4 {It is important to deny the access of the white knight to c4 via e3. For the first time in the game, my opponent sank into a prolonged thought. He gradually understood that "winning" the exchange wouldn't favor him and played the strong} 23. Be4 {taking under control the weakened light diagonal and preventing the annoying ...f5.} ({I had hoped for a variation such as} 23. Bxb4 cxb4 24. Rc1 Nc5 25. b3 Bf5 26. Qa2 Re8 {when White is completely paralyzed. For instance,} 27. Re1 $2 {with the idea of defending the e2 pawn and preparing b2-c4, would lose instantly to} Nd3 $1) 23... Rf8 24. Bg6 Qe7 25. Re1 Be5 $36 {Black prepares to drive the enemy bishop back with g7, f6, thus preparing a massive kingside attack, Akesson,J (2333)-Marin,M (2531)/Gothenburg 2004/CBM 099 (½-½, 93)}) 14... Rxf4 $146 {This move has never been played before, but was part of my preparation, too.} (14... Nd7 15. Ra2 (15. Bxd6 $1 $14) 15... Ne5 16. Bxe5 Bxe5 17. Nc4 Qe7 18. a5 Bd7 19. Qc2 Bb5 $11 {Hausner,I (2435)-Sikora Lerch,J (2415)/Frenstat 1982/MCD (1-0, 56)}) 15. gxf4 Bxa1 16. Qxa1 {Black has managed to somewhat simplify the position, but this does not solve the problem of his delay in development. Just look at the position! All his pieces (except for the king) find themselves on their initial squares, while White has brought all his pieces into play already (well, maybe with the exception of his rook). However, if Black manages to develop somehow, he would get a good position, mainly because of his more flexible pawn structure.} Nd7 17. Ne4 $1 {It is important to prevent Black from placing his knight on f6.} ({My old analysis goes} 17. Nc4 Nf6 18. a5 Qe7 {with a reasonable position for Black. My main argument was that a massive pawn attack in the centre, which generally is a logical consequence of installing a knight on c4, is not without risk because it would weaken the f4-square:} 19. e4 Nh5 $1 $132) 17... Qe7 18. Rc1 {Systematic improvement of piece placement.} b6 {A safe, but somewhat passive way to complete the development. The bishop will have nothing to do on b7.} (18... f5 $6 19. Ng5 Nf6 20. Rc3 $36 {[%csl Ye6]}) 19. Rc3 Nf6 20. Re3 $146 ({RR} 20. Ng3 Bb7 21. Re3 Qd8 22. Rd3 Rc8 23. e4 c4 24. bxc4 Rxc4 25. e5 dxe5 26. fxe5 Nxd5 27. Qe1 Qd7 28. Qd2 Rxa4 29. Bxd5 Bxd5 30. Rxd5 Qc6 31. h3 Qe6 32. Rd8+ Kg7 33. Qd6 Qxd6 34. Rxd6 Rb4 {Kaidanov,G (2596)-Lie,K (2558) Gausdal 2008 1-0 (60)}) 20... Nxe4 21. Bxe4 Qd8 22. Rg3 {White concentrates all his forces against the enemy kingside. However, the g6-square is solidly defended and Black gets some time to continue his development.} Qh4 $6 {The idea of this move was probably to force e3 and cut the rook off from the rest of the board.} ({I believe that Black should have hurried to neutralize White's pressure along the long dark diagonal with} 22... f5 23. Bd3 Ra7 {[%cal Ya7f7,Gd8f6] This manoeuvre might make the whole variation playable.}) 23. e3 Qe7 24. Bd3 {The bishop is well placed here. It inhibits ...b5 and prevents the natural development based on ...d7 and ...e8, by keeping the a6-pawn under observation.} Bb7 25. e4 Re8 26. f5 $14 {White has strong pressure now and it is not easy for Black to free himself.} Qh4 (26... Qe5 {would have led to similar positions as in the game.}) 27. h3 Bc8 28. Qc3 Qf4 29. Qf6 Qe5 30. Qxe5 Rxe5 ({Maybe} 30... dxe5 $14 {would have offered better chances to avoid being crushed by White's central pawns.}) 31. f4 Re8 32. f6 $1 $16 {Black is very passive. He cannot do anything against White's systematic strengthening of his position.} Bd7 33. Re3 b5 34. axb5 axb5 35. e5 Kf8 36. Kf2 Kg8 37. Be2 Kf8 38. h4 Kg8 39. Ke1 Kf8 40. Kd2 h6 41. Bd3 h5 42. e6 fxe6 43. Bxg6 exd5 44. Bxe8 Bxe8 45. Re6 c4 46. Rxd6 cxb3 47. Kc3 Kf7 48. Kxb3 Kg6 49. Kb4 Kf5 50. Kc5 Bf7 51. Kxb5 Be6 52. Kc5 Kxf6 53. Kd4 Kf5 54. Ke3 Bf7 55. Kf3 Be6 56. Ra6 Bf7 57. Ra8 Kf6 58. Ra6+ Kf5 59. Ra1 Bg6 60. Rg1 Kf6 61. Ke3 Bf7 62. Rg5 Ke6 63. Kd4 Kf6 64. Kc5 Ke7 65. Rg7 Kf6 66. Rxf7+ 1-0

[Event "Candidates sf"]
[Site "Elista"]
[Date "2007.06.03"]
[Round "1.10"]
[White "Carlsen, Magnus"]
[Black "Aronian, Levon"]
[Result "1-0"]
[WhiteElo "2693"]
[BlackElo "2759"]
[PlyCount "167"]
[EventDate "2007.05.27"]
[EventType "k.o."]
[EventRounds "12"]
[EventCountry "RUS"]
[SourceTitle "CBM 119"]
[Source "ChessBase"]
[SourceDate "2007.08.01"]
[SourceVersion "1"]
[SourceVersionDate "2007.08.01"]
[SourceQuality "1"]

1. d4 {Ftacnik,Lubomir} Nf6 2. c4 e6 3. Nf3 b6 4. Nc3 Bb7 5. Bg5 Be7 6. e3 h6 7. Bh4 c5 8. Be2 ({RR} 8. Bd3 cxd4 9. exd4 O-O 10. Bc2 ({RR} 10. O-O d6 ({RR} 10... Nc6 11. Re1 d5 12. Bxf6 Bxf6 13. cxd5 Nxd4 14. Nxd4 Bxd4 15. dxe6 fxe6 16. Re2 Qf6 17. Qe1 Bxg2 18. Be4 Bxe4 19. Nxe4 Qg6+ 20. Kh1 Rf4) 11. Re1 ({RR} 11. Rc1 Nbd7 12. Re1 Re8 13. b4 Rc8 14. h3 Nh5 15. Bxe7 Qxe7 16. d5 Nf4 17. Bf1 Ne5 18. Nxe5 dxe5 19. d6 Qg5 20. Qg4) 11... Nbd7 12. a3 Re8 13. Rc1 Rc8 14. Bf1 d5 15. Ne5 dxc4 16. Nxc4 a6) 10... d5 11. cxd5 ({RR} 11. Bxf6 Bxf6 12. cxd5 Bxd5 ({RR} 12... exd5 13. O-O Nc6 14. Re1 Qd6 15. Qd3 g6) 13. Qd3 g6 14. Nxd5 Qxd5 15. Qe3 Qa5+ 16. Qc3 Nc6 17. Be4 Rac8) 11... Nxd5 12. Qd3 ({RR} 12. Bxe7 Qxe7 13. O-O Nd7 14. Nxd5 Bxd5 15. Qd3 Nf6 16. Ne5 Rfd8 17. Ng4 g6 18. Ne5) 12... g6 ({RR} 12... f5 13. Bxe7 Qxe7 14. Qd2 Nd7 15. O-O) 13. Nxd5 ({RR} 13. Bxe7 Qxe7 14. Qd2 Kh7 15. Be4 Nd7 16. O-O N7f6) 13... Bxd5 14. Bxe7 Qxe7 15. Bb3 ({RR} 15. O-O Nc6 16. Bd1 ({RR} 16. Qe3 Bxf3 17. gxf3 Rad8 18. Rad1 Qf6) 16... Rad8) 15... Qb4+ 16. Qc3 ({RR} 16. Qd2 Qxd2+ 17. Kxd2 Bxf3 18. gxf3 Nc6) 16... Qxc3+ 17. bxc3 Bxf3 18. gxf3 Nc6 19. Kd2 ({RR} 19. h4 h5 20. O-O-O Rac8 21. Kb2 Rfd8) 19... Rfd8 20. Rhd1 Rac8 21. Rac1 Na5 22. Kd3 Rc5 {Azmaiparashvili,Z (2672)-Aronian,L (2724) Saint Vincent 2005 CBM 110 [Ftacnik,Lubomir] 0-1 (57)} {RR} 23. Rg1 b5) 8... cxd4 ({RR} 8... O-O 9. Qc2 Nc6 10. Rd1 cxd4 11. exd4 d5 12. O-O dxc4 13. Bxc4 Nh5 14. Bxe7 Nxe7 15. Ne5 Nf4 16. f3 Nf5 17. Qd2 Qg5 18. Ne4 Bxe4 19. fxe4 Ne3 20. Rxf4 Qxf4 21. Re1 Nd5 22. Qd3 Nf6 23. g3 {Yushko,O (2064)-Martin Duque,J (2421) Chess.com INT 2022 1-0 (57)}) ({RR} 8... O-O 9. O-O cxd4 10. Nxd4 a6 11. Bf3 Bxf3 12. Qxf3 Ra7 13. Rac1 Rc7 14. b3 Nc6 15. Bg3 Nxd4 16. exd4 d6 17. d5 e5 18. Qe2 Nd7 19. f4 Re8 20. Qf2 Rf8 21. fxe5 dxe5 22. Qe2 f5 23. Rcd1 {Azmaiparashvili,Z (2658)-Carlsen,M (2570) Khanty-Mansiysk 2005 0-1 (56)}) 9. Nxd4 a6 10. O-O $146 ({RR} 10. Bf3 Ra7 11. O-O O-O 12. Rc1 Bxf3 13. Qxf3 Rc7 14. Na4 Ra7 15. b3 Qc7 16. Rfd1 Rc8 17. Nc3 Qb7 18. Qxb7 Rxb7 19. Kf1 Kf8 20. Ke2 Nc6 21. Bxf6 gxf6 22. Nxc6 Rxc6 23. a4 f5 24. Kf3 Rbc7 {Mollah Abdullah,A (2474)-Khatanbaatar,B (2427) Mallorca 2004 0-1 (75)}) 10... Nc6 11. Nf3 O-O 12. Qd2 Qb8 13. Rfd1 Rd8 14. Rac1 d6 15. Qc2 Qa7 16. a3 Rac8 17. Qb1 Nb8 18. b4 Nbd7 19. Bg3 d5 20. cxd5 Nxd5 21. Nxd5 Bxd5 22. e4 Bc6 23. Nd4 Ba4 24. Rxc8 Rxc8 25. Rc1 Qa8 26. f3 Bg5 27. f4 Rxc1+ 28. Qxc1 Qxe4 29. fxg5 Qxd4+ 30. Bf2 Qe5 31. Qc8+ Nf8 32. Qxa6 b5 33. Bf1 hxg5 34. Qc8 f5 35. Bc5 Qf6 36. h3 e5 37. Bxf8 Qxf8 38. Qe6+ Qf7 39. Qxe5 Qd7 40. Be2 Kh7 41. Kf2 g6 42. Qe3 Qd8 43. Qe5 Qd2 44. Kg3 Qc1 45. Kh2 Qxa3 46. Qe7+ Kh6 47. Qf8+ Kh7 48. Qe7+ Kh6 49. Qe5 Kh7 50. Qe7+ Kh6 51. Bxb5 Bxb5 52. Qe5 Kh7 53. Qxb5 f4 54. Qd7+ Kh6 55. Qe8 Qb2 56. Qf8+ Kh7 57. Qe7+ Kh6 58. h4 f3 59. Qxg5+ Kh7 60. h5 gxh5 61. Qxh5+ Kg7 62. Qg4+ Kh7 63. Qd7+ Kh6 64. Qc6+ Kg7 65. Qc7+ Kh6 66. Qf4+ Kh7 67. Qf7+ Kh6 68. Qxf3 Qxb4 69. Kh3 Qb1 70. Qf6+ Kh7 71. Qf3 Kg7 72. Kh4 Kh7 73. Qf7+ Kh8 74. Qh5+ Kg7 75. Qg4+ Kh7 76. Qh5+ Kg7 77. Qe5+ Kh7 78. Qd5 Kg7 79. Qd4+ Kh7 80. Qd7+ Kh8 81. g4 Qh1+ 82. Kg5 Qc1+ 83. Kg6 Qb1+ 84. Qf5 1-0

[Event "Dortmund SuperGM 35th"]
[Site "Dortmund"]
[Date "2007.06.26"]
[Round "3"]
[White "Carlsen, Magnus"]
[Black "Alekseev, Evgeny V"]
[Result "1/2-1/2"]
[WhiteElo "2693"]
[BlackElo "2679"]
[PlyCount "118"]
[EventDate "2007.06.23"]
[EventType "tourn"]
[EventRounds "7"]
[EventCountry "GER"]
[EventCategory "20"]
[SourceTitle "CBM 119"]
[Source "ChessBase"]
[SourceDate "2007.08.01"]
[SourceVersion "1"]
[SourceVersionDate "2007.08.01"]
[SourceQuality "1"]

1. d4 Nf6 2. c4 e6 3. Nf3 b6 4. g3 Bb7 5. Bg2 Be7 6. O-O O-O 7. Nc3 Ne4 8. Nxe4 Bxe4 9. Nh4 ({RR} 9. Ne1 Bxg2 {½-½ (14) Kovchan,A (2475)-Baklan,V (2578) Trieste 2022}) ({RR} 9. Ne1 Bxg2 {½-½ (14) De Souza,M (2370)-Van Riemsdijk,H (2405) Petropolis 1996}) 9... Bxg2 10. Nxg2 d5 11. Qa4 Qe8 12. Qxe8 Rxe8 13. cxd5 exd5 14. Be3 ({RR} 14. Rd1 Na6 15. Be3 Rad8 16. Rac1 g5 17. Bd2 c5 18. dxc5 Nxc5 19. Bc3 Ne6 20. e3 Bc5 21. Kf1 h6 22. Rd3 d4 23. exd4 Bxd4 24. Bxd4 Nxd4 25. Rdd1 {½-½ (25) Andersson,U (2600)-Karpov,A (2710) Bilbao 1987}) 14... c5 $146 ({RR} 14... Nd7 15. Rac1 Rac8 16. Rc2 {½-½ (16) Razuvaev,Y (2520)-Yudasin,L (2475) Minsk 1985}) 15. Nf4 Rd8 16. dxc5 bxc5 17. Rac1 d4 18. Bd2 a5 19. Nd3 Nd7 20. e3 Nf6 21. Rfd1 Ne4 22. exd4 Nxd2 23. Rxd2 Bg5 24. f4 Rxd4 25. fxg5 c4 26. Rdc2 Rxd3 27. Rxc4 g6 28. R4c3 Rd2 29. R1c2 Rad8 30. Rxd2 Rxd2 31. Rb3 a4 32. Rb4 a3 33. bxa3 Rxa2 34. a4 Kg7 35. h4 h6 36. Kf1 hxg5 37. hxg5 Kf8 38. Re4 Rc2 39. Ke1 Rc5 40. Rg4 Ke7 41. Kd2 Ke6 42. Kd3 Rc1 43. Rc4 Rg1 44. g4 Rg3+ 45. Kc2 Kd5 46. Rf4 Kc5 47. Kd2 Ra3 48. Ke2 Kd5 49. Kf2 Ra2+ 50. Kg3 Ra3+ 51. Kf2 Ra2+ 52. Ke3 Ra3+ 53. Kd2 Kc5 54. Kc2 Rg3 55. Kb2 Rg2+ 56. Kc3 Rg3+ 57. Kc2 Ra3 58. Kb2 Rg3 59. a5 Kb5 1/2-1/2

[Event "Dortmund SuperGM 35th"]
[Site "Dortmund"]
[Date "2007.06.29"]
[Round "5"]
[White "Carlsen, Magnus"]
[Black "Gelfand, Boris"]
[Result "1/2-1/2"]
[WhiteElo "2693"]
[BlackElo "2733"]
[PlyCount "54"]
[EventDate "2007.06.23"]
[EventType "tourn"]
[EventRounds "7"]
[EventCountry "GER"]
[EventCategory "20"]
[SourceTitle "CBM 119"]
[Source "ChessBase"]
[SourceDate "2007.08.01"]
[SourceVersion "1"]
[SourceVersionDate "2007.08.01"]
[SourceQuality "1"]

1. d4 d5 2. c4 c6 3. Nf3 Nf6 4. e3 Bg4 5. h3 Bxf3 6. Qxf3 e6 7. Nc3 Nbd7 8. Bd3 Bb4 9. O-O O-O 10. Bd2 ({RR} 10. Qd1 dxc4 11. Bxc4 c5 12. Qb3 cxd4 13. exd4 Qa5 14. Rd1 Rac8 15. Bd2 Nb6 16. Bf1 Bxc3 17. Bxc3 Qa4 18. Bb4 Rfd8 19. Bc5 h6 20. Bb5 Qxb3 21. axb3 Rc7 22. Be2 Nc8 23. Bxa7 Rc2 24. Bc4 Rxb2 {Anand,V (2788)-Aronian,L (2768) Mainz 2009 0-1 (41)}) 10... dxc4 ({RR} 10... Nc5 11. Be2 Na4 12. Nxa4 Bxd2 13. Nc5 Rb8 14. a3 Ba5 15. Rfd1 Bc7 16. Rac1 Qe7 17. g3 Rfd8 18. b4 Bd6 19. Bd3 a5 20. cxd5 cxd5 21. bxa5 Ra8 22. a6 bxa6 23. a4 a5 24. Rc2 Rac8 25. Rdc1 {Wang,S (2436)-Chen,Y (2163) Bengbu CHN 2025 ½-½ (66)}) 11. Bxc4 e5 12. a3 $146 ({RR} 12. Rfd1 Qe7 13. Bb3 Rad8 14. Qf5 g6 15. Qc2 a6 16. dxe5 Qxe5 17. Ne4 Bxd2 18. Nxd2 Nc5 19. Nf3 Qc7 20. Bc4 Nce4 21. Bd3 Rfe8 22. a3 Rd5 23. Bc4 Rf5 24. Qe2 h5 25. Rf1 Nd5 26. Nd4 Rg5 {Shankland,S (2662)-Holt,C (2565) San Francisco 2017 ½-½}) ({RR} 12. Rad1 Qe7 13. Bb3 Rad8 14. a3 Bd6 15. Bc1 Rfe8 16. dxe5 Qxe5 17. g3 Nc5 18. Bc2 Nce4 19. Rd3 Nxc3 20. Rxc3 Bc7 21. Rd1 Rxd1+ 22. Qxd1 Rd8 23. Rd3 Rxd3 24. Qxd3 Qd5 25. Qxd5 cxd5 26. g4 h6 {Dumitrache,D (2437)-Dobre,C (2360) Targu Mures 2014 ½-½ (59)}) 12... Bd6 13. Rad1 Qe7 14. Qf5 Rad8 15. dxe5 Bxe5 16. Qc2 Bc7 17. Be2 Nc5 18. Bc1 Qe5 19. g3 Qe6 20. Kg2 Nb3 21. Nb5 Bb8 22. Bc4 Na1 23. Bxe6 Nxc2 24. Bf5 Nxe3+ 25. Bxe3 cxb5 26. Bc5 Rfe8 27. Rxd8 Rxd8 1/2-1/2

[Event "Dortmund SuperGM 35th"]
[Site "Dortmund"]
[Date "2007.06.30"]
[Round "6"]
[White "Mamedyarov, Shakhriyar"]
[Black "Carlsen, Magnus"]
[Result "1/2-1/2"]
[WhiteElo "2757"]
[BlackElo "2693"]
[PlyCount "51"]
[EventDate "2007.06.23"]
[EventType "tourn"]
[EventRounds "7"]
[EventCountry "GER"]
[EventCategory "20"]
[SourceTitle "CBM 119"]
[Source "ChessBase"]
[SourceDate "2007.08.01"]
[SourceVersion "1"]
[SourceVersionDate "2007.08.01"]
[SourceQuality "1"]

1. d4 Nf6 2. c4 e6 3. Nf3 d5 4. Nc3 Bb4 5. Qa4+ Nc6 6. Bg5 h6 7. Bxf6 Qxf6 8. e3 O-O 9. cxd5 exd5 10. Be2 Rd8 11. O-O a6 12. Rfc1 Rb8 ({RR} 12... Be6 13. Qd1 Bd6 14. Na4 Ne7 15. Nc5 Bc8 16. b4 b6 17. Nd3 g5 18. Nfe5 Ng6 19. Nxg6 fxg6 20. Bf3 Be6 21. g3 a5 22. b5 Rf8 23. Bg2 Rae8 24. a4 Kh8 25. Ra2 Re7 26. Qb3 Qf5 27. Rac2 {Horvath,P (2354)-Nordenbaek,J (2192) Prague CZE 2025 1-0 (48)}) 13. a3 Bf8 14. b4 Ne7 $146 ({RR} 14... Bg4 15. Qd1 Bxf3 16. Bxf3 Ne7 17. Na4 c6 18. Nc5 Nf5 19. Bg4 Qg5 20. Bxf5 Qxf5 21. a4 Rd6 22. Qf3 Qg5 23. g3 Qd8 24. Rab1 Rf6 25. Qg4 Bxc5 26. bxc5 Rg6 27. Qd1 b5 28. cxb6 Rxb6 29. Qd2 {Bilobrk,F (2360)-Rade,M (2395) Biograd 2018 1-0 (89)}) 15. Qb3 Be6 16. a4 Nf5 17. b5 axb5 18. axb5 c5 19. bxc6 bxc6 20. Qa4 c5 21. dxc5 Bxc5 22. Nb5 Bb6 23. Nbd4 Nxd4 24. Nxd4 Bxd4 25. Qxd4 Qxd4 26. exd4 1/2-1/2

[Event "Dortmund SuperGM 35th"]
[Site "Dortmund"]
[Date "2007.07.01"]
[Round "7"]
[White "Carlsen, Magnus"]
[Black "Anand, Viswanathan"]
[Result "1/2-1/2"]
[WhiteElo "2693"]
[BlackElo "2786"]
[PlyCount "77"]
[EventDate "2007.06.23"]
[EventType "tourn"]
[EventRounds "7"]
[EventCountry "GER"]
[EventCategory "20"]
[SourceTitle "CBM 119"]
[Source "ChessBase"]
[SourceDate "2007.08.01"]
[SourceVersion "1"]
[SourceVersionDate "2007.08.01"]
[SourceQuality "1"]

1. d4 d5 2. c4 c6 3. Nf3 Nf6 4. e3 Bf5 5. Nc3 e6 6. Nh4 Bg6 7. Nxg6 hxg6 8. Bd2 Nbd7 9. a3 ({RR} 9. Qc2 Be7 10. Be2 dxc4 11. Bxc4 O-O 12. O-O c5 13. dxc5 Nxc5 14. Rfd1 Rc8 15. Be1 Qc7 16. Be2 Nce4 17. Qa4 Nxc3 18. Bxc3 Nd5 19. Bd4 a6 20. Bf3 Rfd8 21. Qb3 Bf6 22. g3 b6 23. Be2 Bxd4 {Leko,P (2741)-Carlsen,M (2765) Miskolc 2008 0-1 (53)}) ({RR} 9. Be2 Bd6 10. g3 Qe7 11. Qb3 Rb8 12. O-O Ne4 13. Nxe4 dxe4 14. Qc2 f5 15. Kg2 Nf6 16. f3 Rd8 17. a3 g5 18. Ba5 b6 19. c5 bxa5 20. cxd6 Qxd6 21. Rac1 Rc8 22. Qc5 Qxc5 23. Rxc5 a4 {Travesset Sagre,J (2334)-Peed,G (1820) chess.com INT 2025 1-0}) 9... Be7 10. Qc2 $146 ({RR} 10. Rc1 O-O 11. cxd5 exd5 12. Bd3 Re8 13. O-O Rc8 14. Bb1 Bf8 15. Na4 Ne4 16. Bb4 Bxb4 17. axb4 f5 18. Nc3 Nd6 19. b5 Nxb5 20. Nxb5 cxb5 21. Qb3 Nb6 22. Qxb5 Qd7 23. Qxd7 Nxd7 24. Ba2 Nf6 {Krush,I (2487)-Wang,R (2240) Toronto 2011 ½-½}) 10... O-O 11. Be2 dxc4 12. Bxc4 c5 13. dxc5 Nxc5 14. O-O Rc8 15. Rfd1 Qc7 16. Rac1 Rfd8 17. Be2 Nce4 18. Be1 Nxc3 19. Qxc3 Rxd1 20. Bxd1 Qxc3 21. Rxc3 Rxc3 22. Bxc3 Ne4 23. Be1 g5 24. Kf1 b6 25. Ke2 Bf6 26. Bc2 Nd6 27. b3 Kf8 28. Bd3 Ke7 29. g4 Bb2 30. a4 f6 31. b4 e5 32. f3 Bc1 33. Bc3 Kd8 34. b5 Ba3 35. Bd2 Ke7 36. f4 gxf4 37. exf4 exf4 38. Bxf4 g5 39. Bxd6+ 1/2-1/2